Statistics for Flags of the World but Nordic #5

Click here to take the quiz!

General Stats

  • This quiz has been taken 85 times
  • The average score is 15 of 20

Answer Stats

Answer% Correct
Morocco
99%
Bhutan
94%
Cambodia
94%
Angola
92%
Luxembourg
92%
Kyrgyzstan
91%
Somalia
91%
Mozambique
88%
Dominica
87%
Estonia
86%
Chile
84%
Haiti
77%
Benin
71%
Kuwait
66%
Austria
57%
Afghanistan
55%
Cuba
51%
Belarus
48%
Antigua and Barbuda
43%
Thailand
34%

Score Distribution

Percentile by Number Answered

Percent of People with Each Score

Your Score History

You have not taken this quiz